[Event "Schleswig Holstein-ch U16 Vormeister"]
[Site "Neumuenster"]
[Date "2011.04.26"]
[Round "3.11"]
[White "Knof, Thorben"]
[Black "Roschkowski, Malte"]
[Result "1/2-1/2"]
[WhiteElo "755"]
[BlackElo "1051"]
[PlyCount "96"]
[EventDate "2011.04.25"]
[EventType "swiss"]
[EventRounds "9"]
[EventCountry "GER"]
[SourceTitle "EXT 2022"]
[Source "ChessBase"]
[SourceDate "2021.10.06"]
[SourceVersion "1"]
[SourceVersionDate "2021.10.06"]
[SourceQuality "1"]

1. e4 e5 2. Nf3 Nc6 3. Bc4 Nf6 4. d3 Bc5 5. 0-0 d6 6. h3 Be6 7. Be3 Na5 8. Ng5 Nxc4 9. dxc4 Bxc4 10. Re1 b6 11. b3 Be6 12. Nc3 d5 13. exd5 Nxd5 14. Nxd5 Bxd5 15. Bxc5 bxc5 16. Rxe5+ Be6 17. Qf3 0-0 18. Qc3 Qd4 19. Qxd4 cxd4 20. Nxe6 fxe6 21. Rxe6 Rfe8 22. Rae1 Kf7 23. R6e4 c5 24. g4 g5 25. Re5 h6 26. Kf1 Rxe5 27. Rxe5 Rc8 28. Rd5 Ke6 29. Rf5 c4 30. b4 d3 31. cxd3 cxd3 32. Ke1 Rc2 33. Kd1 Rxa2 34. h4 gxh4 35. Rh5 Rxf2 36. Rxh6+ Ke5 37. Rxh4 Ke4 38. g5+ Ke3 39. Rh1 d2 40. g6 Rg2 41. Rh3+ Kf2 42. Rh6 Ke3 43. Rh3+ Kd4 44. Ra3 Kc4 45. Rxa7 Kxb4 46. g7 Kc3 47. Rd7 Rg1+ 48. Ke2 Rg2+ 1/2-1/2